LEADER 01246nam a2200277 u 4500 001 000000028572 003 CaOOAMICUS 005 20070226111822.0 008 960812s1938 fr u000 u fre u 035 $a10740650 040 $aBAV$bita 041 1 $aita$hger 100 1 $aHeidegger, Martin,$d1889-1976.$0(OLS)http://pul/name/5737 245 10$aQu'est-ce que la métaphysique? :$bsuivi d'extraits sur l'etre et le temps et d'une conférence sur Holderlin /$cMartin Heidegger ; traduit de l'allemand avec un avant-propos et des notes par Henry Corbin. 250 $a5e. éd. 260 $aParis :$bGallimard,$c[1938] 300 $a254 p. ;$c19 cm 490 1 $aLes essais ;$v7 650 4$aMetafisica.$0(OLS)http://pul/subject/433 700 1 $aCorbin, Henry,$d1903-1978.$0(OLS)http://pul/name/23228 830 4$aLes essais ;$v7.$0(OLS)http://pul/title/39012 850 $aPUL 852 $aPUL$W1$xDP1 Fondo Cecchetti$y53$m260 B 29.7$j39659$nBK-PRI$bv. 7$qFondi$B39659$CPULBib$Z2$F39659 $81 941 1 $a1 996 $6245$aQu'est-ce que la métaphysique? :$bsuivi d'extraits sur l'etre et le temps et d'une conférence sur Holderlin$9(OLS)http://pul/title/39011 996 $6260$aParis :$bGallimard$9(OLS)http://pul/publisher/48435 LEADER 01120nam a2200241 a 4500 001 000000171315 003 CaOOAMICUS 005 20190116110018.0 008 190116s1933 it 000 u ita r 032 $aLibriCat 040 $aPul$bita 100 1 $aGabrieli, Giuseppe.$0(OLS)http://pul/name/73922 245 13$aUn gruppetto di lettere inedite di L.A..Muratori /$cGiuseppe Gabrieli. 260 $aModena :$bSocietà Tipografica Modenese,$c1933. 300 $a17 p.;$c25 cm 500 $a Estratto da: Atti e Memorie della R. Deputazione di S. P. per le Provincie Modenesi, Serie VII, Vol. VIII (Miscellanea di studi muratoriani). 850 $aPUL 852 $aPUL$W1$xDP1 Miscellanee$y10$mMISC HIST 11 int.2$j195001$qStampati miscellanee$B199903$CPULBib$Z2$F199903 $H22757 $81 941 1 $a17 961 $aSu dorso del volume rilegato: Miscellanea Paschin i- HISTORICA 6 G. 996 $6245$aUn gruppetto di lettere inedite di L.A..Muratori$9(OLS)http://pul/title/212157 996 $6260$aModena :$bSocietà Tipografica Modenese$9(OLS)http://pul/publisher/51209